[Event "Biel SKA"]
[Site "Biel"]
[Date "1991.??.??"]
[Round "13"]
[White "Shirov, Alexei"]
[Black "Kozul, Zdenko"]
[Result "1-0"]
[WhiteElo "2610"]
[BlackElo "2560"]
[Annotator "Ftacnik,L"]
[PlyCount "67"]
[EventDate "1991.07.??"]
[EventType "tourn"]
[EventRounds "14"]
[EventCountry "SUI"]
[EventCategory "15"]
[SourceTitle "CBM 025"]
[Source "ChessBase"]
[SourceDate "1991.12.01"]
[SourceVersion "1"]
[SourceVersionDate "1991.12.01"]
[SourceQuality "1"]

1. d4 Nf6 2. c4 g6 3. Nc3 d5 4. cxd5 Nxd5 5. e4 Nxc3 6. bxc3 Bg7 7. Bc4 c5 8.
Ne2 O-O 9. Be3 Nc6 10. Rc1 cxd4 11. cxd4 Qa5+ 12. Kf1 Bd7 13. h4 Rfc8 14. h5
Nd8 15. f3 b5 (15... Bb5 16. Bxb5 Qxb5 17. Kf2 Rxc1 18. Qxc1 Nc6 19. Qb1 Qa6 {
Shirov,A-Gurevich,I/Santiago de Chile/1990/}) 16. Bb3 Rxc1 (16... b4 17. Kf2 $1
) 17. Bxc1 Qb6 $2 (17... Rc8) 18. hxg6 hxg6 19. Qe1 $1 (19. Bh6 Bxh6 20. Rxh6
Qf6 $14) 19... Rc8 20. Bg5 (20. Qh4 Rxc1+ 21. Nxc1 Qxd4 22. Qxe7 Ne6 $132)
20... Ne6 21. Bxe7 g5 $8 22. d5 Nd4 23. Bxg5 b4 24. Be3 $1 Qa6 (24... Bb5 25.
Kf2 $1) 25. Bxd4 Bxd4 26. Qd2 Bg7 27. d6 Bb5 28. Bxf7+ $1 (28. Qd5 Bxe2+ 29.
Kf2 Bc4) 28... Kf8 (28... Kxf7 29. Qd5+ Kf8 30. Qf5+ Kg8 31. Qe6+ Kf8 32. Rh5
$1 Bxe2+ 33. Kf2 Bd4+ 34. Kg3 $18) 29. Be6 Rc1+ (29... Bxe2+ 30. Kf2 Be5 31.
Qh6+ Ke8 32. Qg6+ Kd8 33. Qg8#) 30. Qxc1 Bxe2+ 31. Kf2 Bd4+ 32. Kg3 Qxd6+ (
32... Be5+ 33. f4 Bxd6 34. Rh7 $1) 33. Qf4+ Ke7 (33... Qxf4+ 34. Kxf4 $18) 34.
Rh7+ {Ftacnik,L} 1-0

[Event "San Francisco"]
[Site "San Francisco"]
[Date "1991.??.??"]
[Round "10"]
[White "Polgar, Zsuzsa"]
[Black "Wolff, Patrick G"]
[Result "0-1"]
[WhiteElo "2510"]
[BlackElo "2520"]
[Annotator "Ftacnik,L"]
[PlyCount "94"]
[EventDate "1991.03.??"]
[EventType "tourn"]
[EventRounds "11"]
[EventCountry "USA"]
[EventCategory "12"]
[SourceTitle "CBM 023"]
[Source "ChessBase"]
[SourceDate "1991.08.01"]
[SourceVersion "1"]
[SourceVersionDate "1991.08.01"]
[SourceQuality "1"]

1. d4 Nf6 2. c4 g6 3. Nc3 d5 4. cxd5 Nxd5 5. e4 Nxc3 6. bxc3 Bg7 7. Bc4 c5 8.
Ne2 Nc6 9. Be3 O-O 10. O-O Bg4 11. f3 Na5 12. Bxf7+ Rxf7 13. fxg4 Rxf1+ 14.
Kxf1 Qd6 15. e5 Qd5 16. Bf2 Rd8 17. Qc2 Qc4 18. Qb2 Rf8 19. Kg1 (19. Rd1 Qf7
20. Ng3 Nc4 21. Qe2 Qxf2+ 22. Qxf2 Ne3+ 23. Ke2 Rxf2+ 24. Kxe3 Rxa2 $15) 19...
Qd3 $1 {N} (19... Bh6 20. Rd1 $1 Qa4 21. Re1 cxd4 22. Nxd4 Qc4 23. h3 b6 24.
Nf3 $14 {Ljubojevic,L-Timman,J/Linares/1989/ ->CBM 11}) 20. Ng3 (20. Re1 Nc4
21. Qb3 (21. Qxb7 $2 Rxf2 22. Kxf2 Qe3+ 23. Kf1 Nd2#) 21... Bh6 $40) 20... Bh6
21. Qe2 (21. dxc5 $2 Rxf2 22. Kxf2 Be3+ 23. Ke1 Nc4 $19) (21. Rf1 Bd2) 21...
Qxc3 22. Rd1 cxd4 23. Bxd4 Qc4 24. Bxa7 Qxe2 25. Nxe2 Nc6 26. Bc5 Ra8 27. Nc3
Ra5 28. Bb6 (28. Rd5 $2 Rxc5 29. Rxc5 Be3+ $19) 28... Ra3 $1 29. Nd5 Rxa2 30.
Re1 (30. e6 Re2 $19) 30... Bg7 31. e6 Rd2 32. Nc7 Be5 33. Re4 (33. h3 Rb2 34.
Nd5 Rxb6 35. Nxb6 Bd4+ $19) 33... Rd1+ 34. Kf2 Rb1 35. Na8 (35. Nd5 Rb5 $19)
35... Bxh2 36. Bc7 Bg1+ 37. Ke2 Rb2+ 38. Kf1 Bd4 39. Bf4 Rf2+ 40. Ke1 Rxg2 41.
Bh6 Rh2 42. Bg5 (42. g5 Bg7 $19) 42... Ra2 43. Nc7 Ra5 44. Bh6 Be5 45. Bf4 (45.
Ne8 Ra8 $19) 45... Bxf4 46. Rxf4 Rc5 47. Kf2 Ne5 {Ftacnik,L} 0-1

[Event "SUI-ch"]
[Site "Leukerbad"]
[Date "2002.07.14"]
[Round "4"]
[White "Gerber, Richard"]
[Black "Ballmann, Martin"]
[Result "0-1"]
[WhiteElo "2419"]
[BlackElo "2431"]
[Annotator "Hecht,H"]
[PlyCount "118"]
[EventDate "2002.07.11"]
[EventType "tourn"]
[EventRounds "9"]
[EventCountry "SUI"]
[EventCategory "9"]
[SourceTitle "CBM 091"]
[Source "ChessBase"]
[SourceDate "2002.11.12"]
[SourceVersion "1"]
[SourceVersionDate "2002.11.12"]
[SourceQuality "1"]

1. d4 Nf6 2. c4 g6 3. Nc3 d5 4. cxd5 Nxd5 5. e4 Nxc3 6. bxc3 Bg7 7. Bc4 O-O 8.
Ne2 c5 9. Be3 cxd4 10. cxd4 Nc6 11. h4 Qa5+ 12. Kf1 Qb4 13. Rc1 Rd8 14. h5 Ne5
15. Bd2 Qd6 16. Bf4 Be6 17. hxg6 hxg6 18. d5 Bd7 19. f3 Rac8 20. Bb3 Bb5 21.
Rxc8 Rxc8 22. Kf2 Qf6 23. Bxe5 Qxe5 24. Qd2 Bf6 25. g3 g5 26. Rd1 g4 27. Qf4
Qxf4 28. gxf4 gxf3 29. Kxf3 Bb2 30. e5 a5 31. Nd4 Bd7 32. e6 fxe6 33. dxe6 Be8
34. Nf5 Kf8 35. Kg4 a4 36. Bd5 b5 37. Ne3 Rd8 38. f5 b4 39. Kf4 Bb5 40. Ke4 Bc3
41. Rh1 b3 42. axb3 a3 43. Rh2 Bb2 44. f6 Bxf6 45. Ra2 Bb2 46. Nc4 Bxc4 47.
bxc4 Rc8 {[#] Turm mit ungleichen Läufern und eingeklemmtem weißen Turm} 48.
Kd3 Kg7 49. Kc2 Rh8 50. Kb3 Rh3+ 51. Kb4 Kf6 52. c5 Ke5 53. Bb3 Kd4 54. c6 Rc3
55. Rxa3 (55. Ba4 Kd5 56. Bb3+ Rxb3+ 57. Kxb3 Kxc6 {führt zum gewonnenen
Bauernendspiel wie im Text.}) 55... Bxa3+ 56. Kxa3 Rxc6 57. Kb2 Ke5 58. Ba2
Rxe6 59. Bxe6 Kxe6 0-1

[Event "Interpolis"]
[Site "Tilburg"]
[Date "1992.10.17"]
[Round "4.1"]
[White "Jussupow, Artur"]
[Black "Kamsky, Gata"]
[Result "1-0"]
[WhiteElo "2640"]
[BlackElo "2655"]
[Annotator "Jussupow,A"]
[PlyCount "87"]
[EventDate "1992.10.08"]
[EventType "k.o."]
[EventRounds "7"]
[EventCountry "NED"]
[SourceTitle "CBM 032"]
[Source "ChessBase"]
[SourceDate "1993.02.01"]
[SourceVersion "1"]
[SourceVersionDate "1993.02.01"]
[SourceQuality "1"]

1. d4 Nf6 2. c4 g6 3. Nc3 d5 4. cxd5 Nxd5 5. e4 Nxc3 6. bxc3 Bg7 7. Bc4 c5 8.
Ne2 Nc6 9. Be3 O-O 10. O-O Qc7 11. Rc1 Rd8 12. Bf4 Qd7 13. d5 Na5 14. Bd3 e5
15. Be3 (15. Bg3 {-46/621}) (15. Bg5 {-44/565}) 15... Qe7 (15... b6 {-39/568})
(15... c4 {-13/635}) 16. Qd2 (16. f4 exf4 17. Nxf4 c4 18. Bb1 Nc6 $10 {Browne,
W-Kamsky,G/New York/1989/}) 16... b6 17. f4 (17. c4) 17... c4 $6 {><d4} (17...
exf4 18. Bxf4 Bg4 {-39/568}) 18. Bc2 exf4 19. Bxf4 Nc6 20. Nd4 $1 {Razuvaev} (
20. Rf2 {-13/653}) 20... Nxd4 (20... Ne5 21. Bxe5 Bxe5 22. Nc6 Qc5+ (22... Qd6
$5 23. Nxd8 Qxd8 $14) 23. Qf2 (23. Rf2 Re8 24. Nxe5 Rxe5 25. Qd4 $36) 23...
Qxf2+ 24. Rxf2 Re8 25. Nxe5 Rxe5 26. Rcf1 $16) 21. cxd4 $16 Ba6 (21... c3 $5
22. Qxc3 Ba6 23. Rfd1 $5 (23. Rf3 Rac8 24. Qd2 Rc4) 23... Rac8 24. Qe1 $16) 22.
Rf3 (22. Qc3 b5 23. a3 f5 $14 (23... Bb7 $14 {/\f5})) 22... Rac8 23. Bh6 (23.
Qf2 $5 $16 {/\h4,Bg5,h4-h5}) 23... Bh8 $2 (23... c3 $142 $1 24. Qe3 Bxh6 25.
Qxh6 Qb4 $1 26. Rd1 (26. Qe3 $5 $16) 26... Be2 27. Rxf7 Kxf7 28. Qxh7+ Ke8 $1 (
28... Kf8 29. e5 Bxd1 (29... Qe7 30. Qh8+ Kf7 31. e6+ $18) 30. Qh6+ (30. Qh8+
$18) 30... Ke7 (30... Ke8 31. Bxg6+ Kd7 32. Qg7+ Qe7 33. Bf5+ Kc7 34. d6+ $18)
(30... Kg8 31. Qxg6+ Kf8 32. Qh6+ $18) 31. Qg7+ $18) 29. e5 Rd7 30. Qg8+ (30.
Qh8+ Qf8 31. Bxg6+ Rf7 32. Bxf7+ Kxf7) 30... Qf8 31. Bxg6+ Ke7 32. d6+ Rxd6 $13
) 24. Qf2 $1 $18 {/\h4,Rf1} Bg7 25. Bxg7 Kxg7 26. Rf1 Rc7 (26... Rf8 27. Rf6 (
27. d6 Qxd6 28. Rxf7+ Rxf7 29. Qxf7+ Kh8 30. d5 $16) (27. e5 c3 28. d6 Qd7 29.
Re1 $40) 27... c3 28. d6 Qd7 29. Re1 $40) 27. Qg3 $1 Bb7 (27... c3 28. Rxf7+ (
28. R1f2 $18) 28... Qxf7 29. Rxf7+ Rxf7 30. h4 $16) 28. Rf6 Rcd7 29. Qf4 b5 30.
d6 Qe8 31. h4 b4 $5 (31... h5 32. e5 $18 {><g6}) 32. h5 (32. Ba4 $2 Qxe4) 32...
a5 (32... b3 33. axb3 cxb3 34. Bxb3 Qxe4 35. h6+ Kh8 36. Qxe4 Bxe4 37. Rxf7 Bf5
38. Rxd7 Rxd7 (38... Bxd7 39. Ra1 $18) 39. g4 $18) 33. d5 c3 34. Ba4 Ba6 35.
Rf2 Bc4 36. Kh2 $1 {(.)} Kg8 37. h6 Qf8 (37... Bd3 38. e5) 38. Bxd7 Rxd7 39. e5
Bxd5 40. e6 Bxe6 41. Rxe6 a4 42. Qe3 Rd8 43. d7 b3 44. Re8 1-0

[Event "EU-ch 12th"]
[Site "Aix les Bains"]
[Date "2011.04.01"]
[Round "10"]
[White "Korobov, Anton"]
[Black "Kovchan, Alexander"]
[Result "1-0"]
[WhiteElo "2647"]
[BlackElo "2563"]
[Annotator "Krasenkow,M"]
[PlyCount "73"]
[EventDate "2011.03.22"]
[EventType "swiss"]
[EventRounds "11"]
[EventCountry "FRA"]
[SourceTitle "CBM 142 Extra"]
[Source "ChessBase"]
[SourceDate "2011.06.27"]
[SourceVersion "1"]
[SourceVersionDate "2011.06.27"]
[SourceQuality "1"]

1. d4 Nf6 2. c4 g6 3. Nc3 d5 4. cxd5 Nxd5 5. e4 Nxc3 6. bxc3 Bg7 7. Bc4 c5 8.
Ne2 O-O 9. O-O Nc6 10. Be3 Na5 11. Bd3 b6 12. Rc1 e5 13. dxc5 Be6 14. c4 bxc5
15. Bxc5 Bh6 16. Rc2 (16. Rc3 Re8 17. Be3 $5 {is a relatively new idea to
fight for an advantage} (17. Qc2 Qc7 18. Ba3 {- see CBM 125, annotations to
Van Wely - Shirov.}) {; however, Black solved his problems in the following
game:} 17... Bxe3 18. fxe3 Qg5 $5 19. Qc1 Red8 20. Kh1 Nb7 21. c5 Nxc5 22. Rxc5
Rxd3 23. Nf4 Rd6 24. Qa1 Rad8 25. Rxe5 Qg4 26. h3 Qg3 27. Qe1 {1/2 Giri,A 
(2517)-Danin,A (2498)/Bussum 2009/CBM 130 Extra}) 16... Re8 17. Nc3 $5 {
[%cal Yc3d5] A typical manoeuvre.} (17. Ba3 Rb8 18. c5 Re7 19. Rc3 Rd7 20. Bc1
Bxc1 21. Nxc1 Nc6 22. Qa4 Qc7 23. Qa3 a5 24. h3 Rb4 $44 {1-0 Nguyen,P (2368)
-Bernal Varela,N (2286)/Lechenicher SchachServer 2009/Telechess CBM 137 (56)})
17... Rc8 $1 18. Bb4 $1 $146 {[%mdl 8]} (18. Bxa7 Re7 19. Be3 Bxe3 20. fxe3
Nxc4 21. Nd5 Bxd5 22. Bxc4 Bxe4 23. Rd2 Qc7 $15 {1/2 Williams,S (2487)
-Kurnosov,I (2566)/Dresden 2007/CBM 118 (27)}) 18... Nxc4 19. Nd5 Bxd5 20. exd5
Qb6 21. a3 a5 (21... Nd6 22. Rxc8 Rxc8 23. Qa4 $1 Bf8 $1 24. Rb1 $36 {<<}) 22.
Rxc4 Rxc4 (22... axb4 23. Rxb4 Qd6 24. Qb3 $14) 23. Bxa5 Qxa5 24. Bxc4 Qxa3 25.
d6 $1 {[%csl Gd6]} Rd8 26. d7 Qe7 $2 (26... Qa5 $1 {preventing Bc4-b5} 27. Bb3
Qd2 $1 28. Ba4 Qxd1 29. Rxd1 Kf8 {, and Black should not lose.}) 27. Bb5 Bg5 $2
{Another passive move. White now controls the whole board.} (27... Qc5 $142)
28. Qd5 Kg7 (28... Qe6 29. Qxe6 fxe6 30. Re1 Bf6 31. Rc1 $16 {[%cal Yc1c8]})
29. Re1 Bf6 30. g3 Qb4 31. Re4 Qa5 32. Ra4 Qb6 $6 (32... Qc7 $142 $16) 33. Bc4
Rf8 {[%csl Rf8]} 34. Ba2 Qd8 $2 (34... Qb2 $1) 35. Rc4 Qe7 36. Rc8 Kg8 $2 {
[%mdl 8192] Losing at once but after, say,} (36... h5 37. h4 {Black should
finally lose due to the zugzwang.}) 37. Re8 $1 (37. Re8 $1 Rxe8 38. Qxf7+ $1
Qxf7 39. dxe8=Q+ $18) 1-0

[Event "Czerniak Memorial 15th"]
[Site "Tel Aviv"]
[Date "1999.04.03"]
[Round "4"]
[White "Blees, Albert"]
[Black "Greenfeld, Alon"]
[Result "1/2-1/2"]
[WhiteElo "2431"]
[BlackElo "2521"]
[Annotator "Krasenkow,M"]
[PlyCount "97"]
[EventDate "1999.03.??"]
[EventType "tourn"]
[EventRounds "9"]
[EventCountry "ISR"]
[EventCategory "10"]
[SourceTitle "CBM 071"]
[Source "ChessBase"]
[SourceDate "1999.08.01"]
[SourceVersion "1"]
[SourceVersionDate "1999.08.01"]
[SourceQuality "1"]

1. d4 Nf6 2. c4 g6 3. Nc3 d5 4. cxd5 Nxd5 5. e4 Nxc3 6. bxc3 Bg7 7. Bc4 c5 8.
Ne2 Nc6 9. Be3 O-O 10. Rc1 {This line (introduced by late Polugaevsky) has now
gone out of fashion.} cxd4 11. cxd4 Qa5+ 12. Kf1 Bd7 (12... Qa3 {[%cal Yc6a5]
is considered the simplest way for Black to equalise}) 13. f3 (13. h4 $13 {
is the main theoretical line. The text move doesn't look very ambitious but is
quite interesting anyway.}) 13... Rac8 (13... Rfc8 14. Kf2 Nd8 15. Qd3 a6 16.
d5 b5 17. Bb3 e6 18. dxe6 Bxe6 19. Nf4 Bc4 20. Qb1 Qa3 21. Nd5 {1-0 Garcia
Palermo,C-Basart,J/Alicante op 1992 (32)}) 14. Kf2 b5 $146 (14... e6 15. h4 Ne7
{is too passive:} 16. h5 Bb5 17. Bxb5 Qxb5 18. hxg6 hxg6 19. Bh6 Rxc1 $2 (19...
Bxh6) 20. Qxc1 Rc8 21. Qd2 f5 22. Bxg7 Kxg7 23. Qg5 Qb4 24. Nf4 Qxd4+ 25. Kg3
Kf7 26. Rh7+ {1-0 Von Hermann,U-Haar,W/Hamburg Wichern op 1993}) 15. Bb3 Qa6 {
[%cal Yc6a5]} 16. h4 Na5 17. h5 Rxc1 18. Qxc1 Nxb3 19. axb3 Rc8 20. Qa1 $6 ({
Why not} 20. Qd2 {with idea 21.hxg6 hxg6 22.Bh6? In the endgame Black should
hold his ground.}) 20... Qxa1 21. Rxa1 Ra8 22. hxg6 hxg6 23. Bd2 (23. Ra6 $5
Bc8 24. Ra5 a6 25. d5 Be5 {[%cal Ye5c7]}) 23... e6 24. Bb4 Bf6 25. Ke3 Bd8 26.
Ba5 Be7 27. Nc1 Rc8 28. Nd3 Rc2 29. Bd2 Rc7 {White can't open up the position
against Black's pair of bishops but otherwise he has no chance to convert his
small advantage.} 30. Ra2 Kf8 31. g4 g5 32. Be1 Be8 33. Bg3 $2 {Instead of
playing for a win, White starts playing for a loss (time-trouble?).
Fortunately for him, Black misses his chance on move 40.} Rc3 34. d5 $6 (34.
Rxa7) 34... exd5 35. exd5 Rxb3 36. d6 Bd8 37. Kd2 a5 38. Ne5 (38. Rc2 Bd7 39.
Nc5 (39. Ne5 Ke8 {[%cal Yf7f6]}) 39... Rxf3 40. Nxd7+ Ke8 41. Ne5 Rxg3 42. Rc8
f6 43. Nc6 Kd7 $19) 38... f6 39. Rc2 fxe5 40. Rc8 Bg6 $2 (40... e4 $1 41. Rxd8
Rxf3 $19) 41. Rxd8+ Kf7 42. Bxe5 Ke6 (42... Rxf3 43. Rb8 (43. Rd7+)) 43. d7
Rd3+ 44. Ke1 b4 45. Bb2 Rxd7 46. Ra8 Rd3 47. Ra6+ Kf7 48. Ra7+ Ke8 49. Ra8+
1/2-1/2

[Event "EU-ch 2nd"]
[Site "Ohrid"]
[Date "2001.06.02"]
[Round "2"]
[White "Georgiev, Vladimir"]
[Black "Jaracz, Pawel"]
[Result "1/2-1/2"]
[WhiteElo "2592"]
[BlackElo "2484"]
[Annotator "Krasenkow,M"]
[PlyCount "64"]
[EventDate "2001.06.01"]
[EventType "swiss"]
[EventRounds "13"]
[EventCountry "YUG"]
[SourceTitle "CBM 084"]
[Source "ChessBase"]
[SourceDate "2001.09.13"]
[SourceVersion "1"]
[SourceVersionDate "2001.09.13"]
[SourceQuality "1"]

1. d4 Nf6 2. c4 g6 3. Nc3 d5 4. cxd5 Nxd5 5. e4 Nxc3 6. bxc3 Bg7 7. Bc4 c5 8.
Ne2 O-O 9. O-O Nc6 10. Be3 Bd7 11. Rc1 Rc8 12. d5 {Thia move is rarely seen in
practice.} (12. Qd2 {is the main theoretical line.}) 12... Ne5 {The most
natural reply but} (12... Na5 {is possible, too, but still risky, because the
way of this knight to the blockading d6 square (after ...e7-e5) is not easy, e.
g.} 13. Bd3 e5 14. f4 exf4 15. Bxf4 Bg4 16. h3 (16. c4 $5) 16... Bxe2 17. Qxe2
c4 18. Bb1 Re8 19. Qf3 Qd7 20. Qg3 b6 21. Rfd1 (21. Rcd1 $5) 21... Rc5 22. Rd2
Nb7 23. Rcd1 Qe7 24. Bc2 Be5 25. d6 Qd7 26. Rd5 f6 {1/2-1/2 Dautov,R-Neverov,V/
Tbilisi 1989/CBM 12 (31) and Black eventually equalized}) 13. Bb3 e6 (13... b5
$6 {is insufficient for equality:} 14. h3 $1 {depriving the black knight of
the g4 square} a5 15. a3 a4 16. Ba2 Qa5 17. Qd2 Rfe8 18. f4 Nc4 19. Bxc4 bxc4
20. Ng3 Rb8 {this counterplay doesn't succeed as White's kingside attack is
more dangerous} 21. e5 f5 22. exf6 exf6 23. f5 Rb3 24. Bh6 Re5 25. d6 Qa8 26.
Bxg7 Kxg7 27. fxg6 hxg6 28. Rce1 Re6 29. Rxe6 Bxe6 30. Re1 Bf7 31. Re7 $18 Rb7
$2 32. Rxb7 {1-0 Bareev,E-Petrienko,V/Voronez 1987/EXT 97 (32).}) (13... f5 $5
{was recommended by E.Bareev. The text move is associated with the same idea
of counterplay in the centre.}) 14. c4 (14. h3 {is not dangerous now:} c4 15.
Bc2 exd5 16. exd5 Re8 {and the knight cannot be pushed away from e5.}) 14...
Ng4 $5 {An interesting tactical way of counterplay.} 15. Bf4 (15. Bd2 $5 {
deserves more attention.}) 15... e5 16. Bg3 $2 {Not a good move as now this
important bishop will be exchanged.} (16. Bd2 {was better but after} Qh4 17. h3
Nf6 18. Bc2 {with idea f2-f4} ({or} 18. f3 Bh6 $5) 18... Nh5 {Black has
sufficient counterplay} (18... Nxe4 $5 19. g3 Nxg3 20. fxg3 Qxc4 {is
interesting, too})) 16... h5 $1 {[%csl Rg3]} 17. h3 h4 18. Bh2 (18. hxg4 hxg3
19. Nxg3 Qh4 {recapturing the g4 pawn and then attacking along the h-file})
18... Nxh2 19. Kxh2 {With a pair of bishops and domination on the dark squares,
Black has an obvious advantage. However, he fails to convert it into a full
point.} a6 20. a4 f5 21. Rc3 Rf6 22. Bc2 Qa5 23. Rb3 b5 24. axb5 axb5 25. f4 {
White decides on desperate counterplay. The position opens up; Black has a
pair of bishops but the position of his king is not safe enough. However,
Black should still maintain his advantage with accurate play.} (25. exf5 gxf5 {
or}) (25. cxb5 Bxb5 {was favorable for Black.}) 25... fxe4 26. Bxe4 bxc4 {
This allows the white rook to the 7th rank.} (26... Qa6 $1 {looks more
accurate to protect the important g6 pawn and the b7 and d6 squares. Then
Black can play ...bc4 or ...b4, depending on the situation.}) (26... b4 {
was less good because White could obtain counterplay with} 27. d6) 27. Rb7 Rc7
(27... Rd8 {deserved attention. Here is an interesting variation:} 28. d6 Qa6 (
28... Kh8 29. Qd5 {with good counterplay}) 29. Bd5+ Be6 (29... Kh7 30. Qe1) 30.
fxe5 Rxf1 31. Rxg7+ $1 Kxg7 32. Qxf1 Rf8 33. Qd1 Bxd5 $6 (33... Qc8 $17 {
is stronger}) 34. Qxd5 Qa1 {threatening 35...Rf1} 35. Qe6 Qe1 36. Qe7+ Rf7 37.
e6 $3 Rxe7 38. dxe7 Qxe2 39. e8=Q {and Black can't win, e.g.} Qe5+ 40. Kh1 c3
41. Qe7+ $11) 28. Rb1 (28. Rb8+ {was possible and the black rook must retreat
to c8:} Rc8 (28... Bc8 $2 29. d6) (28... Kh7 29. fxe5 Rxf1 30. Qxf1 Bxe5+ 31.
Kh1 Qa1 32. Rb1 Qa6 33. Nf4 {is favorable for White})) 28... Qa6 29. Kh1 (29.
Qe1 $5 c3 $5) 29... Qd6 30. fxe5 Rxf1+ 31. Qxf1 Bxe5 32. Qc1 $132 {[%cal Rc1c4,
Yc1h6]} Qf6 (32... Ra7 $5 {was the other option, e.g.} 33. Qh6 (33. Qxc4 $2 {
falls into a trap:} Ra4 34. Qc2 Rxe4 $1 35. Qxe4 Bf5 {[%csl Rb1]}) 33... Be8
34. Qxh4 c3 {etc.}) ({The text move is even safer and guarantees Black a
steady edge, e.g.} 32... Qf6 33. Qh6 (33. Qxc4 Bd6) 33... Be8 34. Rb8 Re7 35.
Rc8 (35. Ra8 Bb8 $3 36. Rxb8 Rxe4) 35... Bd6 36. Qxg6+ Qxg6 37. Bxg6 Kg7 $1 38.
Rxe8 Kxg6 {and the endgame is superior for Black. However, under time pressure
(new FIDE time control!) he decided to offer a draw.}) 1/2-1/2